000 00879 a2200241 4500
001 27050
005 20260407155547.0
008 260407a1999 arg spa d
003 AR-UNSa-BCEJYS
040 _aAR-UNSa-BCEJYS
_bspa
_cAR-UNSa-BCEJYS
080 _a347.736
_xQuiebra. Insolvencia. Suspensión de pagos. Bancarrota, procedimientos. Derecho Concursal
245 1 0 _aPractica Concursal
_pguias y modelos para la actuación profesional
020 _a950-739-649-7
264 1 _aBuenos Aires :
_bErrepar
_c1999
300 _a2 v.(xvi, 556; vi, 1267p.)
_c22 cm.
505 _aTomo I: Concurso - Tomo II: Quiebra
041 _aspa
942 _cBK
590 _aniveau_biblio:m niveau_hierar:0
100 1 _aD`Angelo, Armando
700 1 _aFavier Dubois, Eduardo Mario (h)
856 4 1 _uhttps://170.210.207.44/pmb/images/libros/L117457.jpg
_yImagen de portada
_qimage/jpeg
999 _c1535
_d1535